000 00605nam a2200181 a 4500
005 20241129063802.0
008 011030s1998 ea r 000 0 spa d
035 _aUPN01000113614
049 _aCG
050 4 _aLB2846
_bM3.3
100 1 _aMcMeekin, R. W.
245 1 0 _aEstadísticas educativas en América Latina y el Caribe :
_binforme de un estudio sobre la situación de las estadísticas... /
_cR. W. McMeekin.
260 _aWashington :
_bBID,
_c1998.
300 _a70 p.
650 4 _aEstadística educativa
_914177
650 4 _aEducación
_zAmérica Latina
_vEstadística
_914700
905 _aLibro
999 _c87522
_d87522